Исследование электрической прочности диэлектриков применительно к изоляции высоковольтных наносекундных устройств: диссертация на соискание ученой степени кандидата технических наук

Dettagli Bibliografici
Autore principale: Багин В. В.
Ente Autore: Томский политехнический институт (ТПИ)
Altri autori: Воробьев А. А. Александр Акимович (научный руководитель), Ушаков В. Я. Василий Яковлевич
Lingua:russo
Pubblicazione: Томск, [Б. и.], 1970
Soggetti:
Natura: Libro
KOHA link:https://koha.lib.tpu.ru/cgi-bin/koha/opac-detail.pl?biblionumber=152207

MARC

LEADER 00000nbm0a2200000 4500
001 152207
005 20240117111904.0
035 |a (RuTPU)RU\TPU\book\165032 
090 |a 152207 
100 |a 20090129j1970 k y0rusy50 ca 
101 0 |a rus 
102 |a RU 
105 |a a m 001zy 
200 1 |a Исследование электрической прочности диэлектриков применительно к изоляции высоковольтных наносекундных устройств  |e диссертация на соискание ученой степени кандидата технических наук  |f В. В. Багин  |g Томский политехнический институт (ТПИ) ; науч. рук. А. А. Воробьев , В. Я. Ушаков 
210 |a Томск  |c [Б. и.]  |d 1970 
215 |a 121 л.  |c ил. 
320 |a Библиогр.: с.113 - 119 ( 127 назв.) 
610 1 |a диэлектрики 
610 1 |a электрическая прочность 
610 1 |a изоляция 
610 1 |a высоковольтные устройства 
610 1 |a наносекундные устройства 
610 1 |a твердые диэлектрики 
610 1 |a пробой 
610 1 |a жидкие диэлектрики 
610 1 |a напряженность 
610 1 |a свойства 
610 1 |a экспериментальное исследование 
610 1 |a диссертации 
610 1 |a труды учёных ТПУ 
675 |a 621.315.616  |v 3 
675 |a 537.226(04)  |v 3 
700 1 |a Багин  |b В. В. 
702 1 |a Воробьев  |b А. А.  |c российский физик  |c ректор Томского политехнического института, профессор  |f 1909-1981  |g Александр Акимович  |3 (RuTPU)RU\TPU\pers\12805  |4 727 
702 1 |a Ушаков  |b В. Я.  |c специалист в области электроэнергетики  |c профессор Томского политехнического университета, доктор технических наук  |f 1939-  |g Василий Яковлевич  |3 (RuTPU)RU\TPU\pers\10509  |4 727  |9 2236 
712 0 2 |a Томский политехнический институт (ТПИ)  |c (1944-1991)  |3 (RuTPU)RU\TPU\col\1123 
801 1 |a RU  |b 63413507  |c 20090129  |g PSBO 
801 2 |a RU  |b 63413507  |c 20120702  |g RCR 
942 |c BK